Budowle - historia sztuki - Statystyki

Ogólne statystyki
  • Ten quiz został rozwiązany 43 razy
  • Średni wynik to 6 z 25
Statystyki odpowiedzi
Obrazkowy Odpowiedź % Poprawnych
Krzywa Wieża w Pizie
82%
Tadz Mahal
62%
Łuk Triumfalny w Paryżu
53%
Opera w Sydney
50%
Zamek Królewski w Warszawie
44%
Zamek w Malborku
38%
Piramida Cheopsa w Gizie
32%
Katedra Notre Dame w Paryżu
29%
Kościół Mariacki w Krakowie
26%
Machu Picchu
26%
Most Karola w Pradze
26%
Hagia Sophia w Stambule
24%
Pałac wersalski
21%
Neuschwanstein
18%
Pałac w Wilanowie
15%
Partenon w Atenach
15%
Ratusz w Poznaniu
15%
Angkor Wat
12%
Bazylika Świętego Piotra w Watykanie
12%
Empire State Building w Nowym Jorku
12%
Katedra w Mediolanie
12%
Sobór Wasyla Błogosławionego w Moskwie
9%
Katedra Świętego Szczepana w Wiedniu
6%
Panteon w Paryżu
6%
Sagrada familia w Barcelona
0%
Nie znaleziono quizów pasujących do podanych kryteriów
Rozkład punktacji
Procent ludzi z każdym wynikiem
Percentyl według liczby udzielonych odpowiedzi
Twoja historia wyników
Nie rozwiązałeś tego quizu